Del contrato social o principios del derecho político (Registro nro. 355)

Detalles MARC
000 -LEADER
fixed length control field 01999 a2200229 4500
001 - CONTROL NUMBER
control field 3770
005 - DATE AND TIME OF LATEST TRANSACTION
control field 20260407155430.0
008 - FIXED-LENGTH DATA ELEMENTS--GENERAL INFORMATION
fixed length control field 260407a2003 arg spa d
003 - CONTROL NUMBER IDENTIFIER
control field AR-UNSa-BCEJYS
040 ## - CATALOGING SOURCE
Original cataloging agency AR-UNSa-BCEJYS
Language of cataloging spa
Transcribing agency AR-UNSa-BCEJYS
080 ## - UNIVERSAL DECIMAL CLASSIFICATION NUMBER
Universal Decimal Classification number 321
Common auxiliary subdivision Formas de la organización política. Los estados como poderes políticos
020 ## - INTERNATIONAL STANDARD BOOK NUMBER
International Standard Book Number 950-527-908-6
100 1# - MAIN ENTRY--PERSONAL NAME
Personal name Moreno, Mariano
245 10 - TITLE STATEMENT
Title Del contrato social o principios del derecho político
264 #1 - PRODUCTION, PUBLICATION, DISTRIBUTION, MANUFACTURE, AND COPYRIGHT NOTICE
Place of production, publication, distribution, manufacture Buenos Aires :
Name of producer, publisher, distributor, manufacturer Universidad de Buenos Aires. Facultad de Derecho. Departamento de Publicaciones
Date of production, publication, distribution, manufacture, or copyright notice 2003
300 ## - PHYSICAL DESCRIPTION
Extent xxviii, 86 p.
Dimensions 24 cm.
505 ## - FORMATTED CONTENTS NOTE
Formatted contents note LIBRO PRIMERO: 1. Materia del primer libro - 2. De las primeras sociedades - 3. Del derecho del más fuerte - 4. De la esclavitud - 5. Que siempre es necesario, subir a una primera convención - 6. Del pacto social - 7. Del soberano - 8. Del estado civil - 9. Del dominio real - LIBRO SEGUNDO: 1. Que la soberanía es inalienable 2. Que la soberanía es indivisible - 3. Si la voluntad general puede errar 4. De los límites del poder soberano - 5. Del derecho de vida y muerte - 6. De la ley - 7. Del legislador - 8. Del pueblo - 9. Continuación - 10. Continuación - 11. De los diversos sistemas de legislación - 12. División de leyes - LIBRO TERCERO: 1. Del gobierno en general - 2. Del principio que constituye las diversas formas del gobierno - 3. División de los gobiernos - 4. De la democracia - 5. De la Aristocracia - 6. De la Monarquía - 7. De los gobiernos mixtos - 8. Que toda forma de gobierno no conviene a todos los países - 9. De las señales de un buen gobierno - 10. De los abusos del gobierno, y de su propensión a degenerar - 11. De la muerte del cuerpo político - 12. Como se mantiene la autoridad soberana.
590 ## - LOCAL NOTE (RLIN)
Local note niveau_biblio:m niveau_hierar:0
700 1# - ADDED ENTRY--PERSONAL NAME
Personal name Rousseau, Jean-Jacques
856 41 - ELECTRONIC LOCATION AND ACCESS
Uniform Resource Identifier <a href="https://biblioeco.unsa.edu.ar/pmb/images/libros/Del Contrato Social-l117905.jpg">https://biblioeco.unsa.edu.ar/pmb/images/libros/Del Contrato Social-l117905.jpg</a>
Link text Imagen de portada
Electronic format type image/jpeg
942 ## - ADDED ENTRY ELEMENTS (KOHA)
Koha item type
Existencias
Withdrawn status Lost status Damaged status Not for loan Home library Current library Shelving location Date acquired Total checkouts Full call number Barcode Date last seen Price effective from Koha item type
        Biblioteca Prof. Eusebio Cleto del Rey Biblioteca Prof. Eusebio Cleto del Rey   07/04/2026   321 R864 L117905 07/04/2026 07/04/2026 Libro